00481 2200169 4500001002100000008004100021035002000062245008100082100002000163250000600183260006200189300001200251084001400263082000800277650001400285990001200299INLIS000000000000600 ind  a0010-0424000576 aInternational Biology Olimpiad; Soal dan Pembahasan Edisi 3cAgus D. Permana aPermana, Agus D a1 aBandung :bTOBI ( Tim Olimpiade Biologi Indonesia )c2009 a197 hlm a574 AGU b a574 aNon Fiksi a0722402